书目信息 |
| 题名: |
整数与多项式
|
|
| 作者: | 冯克勤 , 余红兵 编著 | |
| 分册: | ||
| 出版信息: | 北京 高等教育出版社 1999.10 |
|
| 页数: | 196页 | |
| 开本: | 32开 | |
| 丛书名: | ||
| 单 册: | ||
| 中图分类: | O122 | |
| 科图分类: | ||
| 主题词: | 初等数学 | |
| 电子资源: | ||
| ISBN: | 7-04-007890-2 | |
| 000 | 00593nam0 2200205 45 | |
| 001 | 0106200934 | |
| 005 | 20010620092421.3 | |
| 010 | @a7-04-007890-2@d15.00元 | |
| 100 | @a20010620d1999 km y0chiy0120 ea | |
| 101 | 0 | @achi |
| 105 | @a z 000yy | |
| 200 | 1 | @a整数与多项式@AZheng Shu Yu Duo Xiang Shi@f冯克勤,余红兵编著@FFeng Ke Qin,Yu Hong Bing Bian Zhu |
| 210 | @a北京@c高等教育出版社@d1999.10 | |
| 215 | @a196页@d32开 | |
| 606 | 0 | @a初等数学 |
| 690 | @aO122@v3 | |
| 701 | 0 | @a冯克勤@4编著 |
| 701 | 0 | @a余红兵@4编著 |
| 801 | @aCN@bPftUser@c20010620 | |
| 905 | @f15@b349535-549@dO122@eF682 | |
| 整数与多项式/冯克勤,余红兵编著.-北京:高等教育出版社,1999.10 |
| 196页;32开 |
| ISBN 7-04-007890-2:15.00元 |
| ● |
| 相关链接 |
|
|
|
正题名:整数与多项式
索取号:O122/F682
 
预约/预借
| 序号 | 登录号 | 条形码 | 馆藏地/架位号 | 状态 | 备注 |
| 1 | 349535 | 203495351 | 自科库401/401自科库 105排9列1层/ [索取号:O122/F682] | 在馆 | |
| 2 | 349536 | 203495360 | 自科二线504/504自科库 48排2列6层/ [索取号:O122/F682] | 在馆 | |
| 3 | 349537 | 203495379 | 自科库401/401自科库 105排9列1层/ [索取号:O122/F682] | 在馆 | |
| 4 | 349538 | 203495388 | 自科二线504/504自科库 48排2列6层/ [索取号:O122/F682] | 在馆 | |
| 5 | 349539 | 203495397 | 自科库401/401自科库 105排9列1层/ [索取号:O122/F682] | 在馆 | |
| 6 | 349540 | 203495404 | 自科二线504/504自科库 48排2列6层/ [索取号:O122/F682] | 在馆 | |
| 7 | 349541 | 203495413 | 自科二线504/504自科库 48排2列6层/ [索取号:O122/F682] | 在馆 | |
| 8 | 349542 | 203495422 | 自科库401/401自科库 105排9列1层/ [索取号:O122/F682] | 在馆 | |
| 9 | 349543 | 203495431 | 自科二线504/504自科库 48排2列6层/ [索取号:O122/F682] | 在馆 | |
| 10 | 349544 | 203495440 | 自科二线504/504自科库 48排2列6层/ [索取号:O122/F682] | 在馆 | |
| 11 | 349545 | 203495459 | 自科二线504/504自科库 48排2列6层/ [索取号:O122/F682] | 在馆 | |
| 12 | 349546 | 203495468 | 自科库401/401自科库 105排9列1层/ [索取号:O122/F682] | 在馆 | |
| 13 | 349547 | 203495477 | 自科二线504/504自科库 48排2列6层/ [索取号:O122/F682] | 在馆 | |
| 14 | 349548 | 203495486 | 自科二线504/504自科库 48排2列6层/ [索取号:O122/F682] | 在馆 | |
| 15 | 349549 | 203495495 | 自科库401/401自科库 105排9列1层/ [索取号:O122/F682] | 在馆 |